000 00592nam a22002177a 4500
999 _c2505
_d2505
003 OSt
005 20191128154855.0
008 151110b xxu||||| |||| 00| 0 eng d
020 _a 978-0495414087
020 _a0122027654321
040 _cDDC
082 _a530 KIR 2001
100 _aKirpatrick, Larry D.; Wheeler Gerald F.
_96085
245 _aPhysics: a world view
250 _a4th ed.
260 _aPhiladelphia;
_bHarcourt College,
_c2001
300 _a185p; .ill:25cm
504 _aAppendices,answers, glossary, & index included
650 _aPhysics
_9809
942 _2z
_cO_SHELF